Pays du monde avant la 1ère guerre mondiale - Statistiques

Statistiques générales
  • Ce quiz a été pris 681 fois
  • Le résultat moyen est 50 sur 59
Réponses sur la Carte
Les réponses sont colorées sur une échelle allant du rouge au vert en fonction du pourcentage des utilisateurs qui les ont devinées à leur premier essai. Vous pouvez retrouver ces pourcentages ci-dessous.
 
Statistiques - réponses
Country % Correct
France
99%
Russie
99%
Espagne
98%
Etats-Unis
98%
Royaume-Uni
98%
Brésil
97%
Canada
97%
Chine
97%
Portugal
97%
Allemagne
96%
Australie
96%
Italie
96%
Japon
96%
Mexique
96%
Argentine
95%
Chili
94%
Norvège
94%
Suède
94%
Danemark
93%
Afrique du Sud
92%
Belgique
92%
Grèce
91%
Pays-Bas
90%
Perou
89%
Suisse
89%
Uruguay
88%
Cuba
87%
Colombie
86%
Paraguay
86%
Equateur
85%
Venezuela
85%
Bolivie
84%
Nouvelle-Zélande
84%
Perse
83%
Luxembourg
82%
Monaco
82%
Panama
82%
Andorre
81%
Empire Ottoman
80%
Nepal
80%
Autriche-Hongrie
79%
Roumanie
79%
Bulgarie
78%
Ethiopie
78%
Serbie
78%
Siam
78%
Honduras
76%
Saint Marin
76%
Albanie
75%
Costa Rica
75%
Liechtenstein
74%
Guatemala
73%
Haïti
73%
Nicaragua
70%
République Dominicaine
70%
Salvador
69%
Montenegro
66%
Liberia
64%
Terre-Neuve
48%
Aucun quiz correspondant
Distribution des résultats
% des personnes avec chaque résultat
Percentile par nombre de réponses
Votre historique - résultats
Vous n’avez pas pris ce quiz